| 000 | 00393nam a22001697a 4500 | ||
|---|---|---|---|
| 003 | SGT | ||
| 020 | _a9788131264812 | ||
| 082 |
_a611 _bA23S |
||
| 100 | _aSINGH, VISHRAM | ||
| 245 | _aTEXT BOOK OF ANATOMY ( UPPER LIMB AND THORAX) | ||
| 250 | _a4TH | ||
| 260 |
_aINDIA _bELSEVIER _c2023 |
||
| 300 | _a331 | ||
| 650 | _aANATOMY | ||
| 653 | _a ANATOMY, UPPER, LIMB, THORAX) | ||
| 942 |
_2ddc _cBK |
||
| 999 |
_c29064 _d29064 |
||